[Event "FRA-chT4 0001"]
[Site "Champagne Ardenne"]
[Date "2001.01.14"]
[Round "4"]
[White "Louis, Andre"]
[Black "Ait Ammar, Riad"]
[Result "0-1"]
[WhiteElo "1860"]
[BlackElo "1840"]
[PlyCount "124"]
[EventDate "2001.10.??"]
[EventType "team"]
[EventRounds "7"]
[EventCountry "FRA"]
[SourceTitle "EXT 2005"]
[Source "ChessBase"]
[SourceDate "2004.11.15"]
[SourceVersion "1"]
[SourceVersionDate "2004.11.15"]
[SourceQuality "1"]

1. e4 e5 2. Nf3 Nc6 3. Bb5 a6 4. Bxc6 dxc6 5. 0-0 f6 6. d4 exd4 7. Nxd4 c5 8. Ne2 Qxd1 9. Rxd1 Bd7 10. Nbc3 Bd6 11. Bf4 Bxf4 12. Nxf4 0-0-0 13. Nfd5 Nh6 14. f3 Nf7 15. Kf2 Rhe8 16. Ne3 Ne5 17. Rd2 b6 18. Rad1 Nc6 19. a3 Nd4 20. Ne2 Nb5 21. h4 Nd6 22. g4 Bc6 23. Ng3 g6 24. b3 Nb5 25. Rxd8+ Rxd8 26. Rxd8+ Kxd8 27. a4 Nd4 28. Ne2 Kd7 29. Nc1 c4 30. Nxc4 Nxc2 31. Ne3 Nd4 32. Nd1 Nxb3 33. Nxb3 Bxa4 34. Nc5+ bxc5 35. Nc3 Bc6 36. Ke3 Ke6 37. f4 a5 38. Kd3 Kd6 39. Kc4 a4 40. g5 fxg5 41. hxg5 Ke6 42. Kxc5 Bxe4 43. Nxe4 Kf5 44. Nc3 Kxf4 45. Nxa4 Kxg5 46. Kd4 h5 47. Ke3 Kg4 48. Kf2 h4 49. Nc5 h3 50. Nd3 Kh4 51. Ne5 g5 52. Nf3+ Kg4 53. Ne5+ Kf4 54. Nd3+ Ke4 55. Nc5+ Kd5 56. Nd3 Kd4 57. Ne1 g4 58. Nc2+ Kd3 59. Nb4+ Ke4 60. Kg3 c5 61. Nc2 Kd3 62. Na3 c4 0-1